[Event "Quebec-ch op"]
[Site "Montreal"]
[Date "2013.07.22"]
[Round "3"]
[White "Berube, Antoine"]
[Black "Tessier Desrosiers, Olivier"]
[Result "1/2-1/2"]
[WhiteElo "2174"]
[BlackElo "2106"]
[PlyCount "85"]
[EventDate "2013.07.21"]
[EventType "swiss"]
[EventRounds "9"]
[EventCountry "CAN"]
[SourceTitle "EXT 2014"]
[Source "ChessBase"]
[SourceDate "2013.11.20"]
[SourceVersion "1"]
[SourceVersionDate "2013.11.20"]
[SourceQuality "1"]

1. c4 Nf6 2. Nc3 c5 3. Nf3 Nc6 4. g3 g6 5. Bg2 Bg7 6. d4 cxd4 7. Nxd4 Nxd4 8. Qxd4 d6 9. 0-0 0-0 10. Qd3 Qa5 11. e4 Qh5 12. f3 Rd8 13. Be3 b6 14. Nb5 Nd7 15. Qe2 Bb7 16. g4 Qe5 17. Rab1 Rdc8 18. b3 Nc5 19. Bd4 Qf4 20. Be3 Qe5 21. Qd2 Qe6 22. Bd4 Bxd4+ 23. Nxd4 Qf6 24. Rbe1 e5 25. g5 Qe7 26. Nb5 Ne6 27. Bh3 Rd8 28. Bxe6 fxe6 29. h4 d5 30. exd5 exd5 31. Qe3 a6 32. Nd4 dxc4 33. bxc4 Qd7 34. Ne2 Qh3 35. Qxe5 Bxf3 36. Qg3 Qxg3+ 37. Nxg3 Rd3 38. Ne4 Bxe4 39. Rxe4 Rd2 40. Rf6 Rad8 41. Rxb6 Rxa2 42. Rb1 Rc2 43. Rbe1 1/2-1/2

[Event "Gatineau op"]
[Site "Gatineau"]
[Date "2013.03.01"]
[Round "1"]
[White "Tessier Desrosiers, Olivier"]
[Black "Bleau, John"]
[Result "0-1"]
[WhiteElo "2134"]
[BlackElo "1899"]
[PlyCount "64"]
[EventDate "2013.03.01"]
[EventType "swiss"]
[EventRounds "5"]
[EventCountry "CAN"]
[SourceTitle "EXT 2022"]
[Source "ChessBase"]
[SourceDate "2021.10.06"]
[SourceVersion "1"]
[SourceVersionDate "2021.10.06"]
[SourceQuality "1"]

1. d4 Nf6 2. Nc3 d5 3. Bg5 g6 4. f3 Bg7 5. e4 dxe4 6. fxe4 c5 7. d5 Qa5 8. Qd2 Qb4 9. Bb5+ Bd7 10. Bxf6 Bxf6 11. Bxd7+ Nxd7 12. Nge2 Ne5 13. 0-0 Nc4 14. Qf4 0-0 15. a3 Qb6 16. b3 Be5 17. Qh4 Ne3 18. Rf3 c4 19. Kh1 Nxc2 20. Rg1 Bf6 21. Qh6 Bg7 22. Qh4 cxb3 23. g4 h6 24. e5 Nd4 25. Nxd4 Qxd4 26. Rh3 g5 27. Qe1 Qxe5 28. Re3 Qd4 29. Rgg3 Rac8 30. Rd3 Qf4 31. d6 exd6 32. Nd5 Rc1 0-1

[Event "Quebec op"]
[Site "Montreal"]
[Date "2012.07.27"]
[Round "8"]
[White "Carrier, Claude"]
[Black "Tessier Desrosiers, Olivier"]
[Result "1/2-1/2"]
[WhiteElo "2197"]
[BlackElo "2194"]
[PlyCount "115"]
[EventDate "2012.07.21"]
[EventType "swiss"]
[EventRounds "9"]
[EventCountry "CAN"]
[SourceTitle "EXT 2022"]
[Source "ChessBase"]
[SourceDate "2021.10.06"]
[SourceVersion "1"]
[SourceVersionDate "2021.10.06"]
[SourceQuality "1"]

1. e4 c5 2. Nf3 Nf6 3. Nc3 e6 4. d4 cxd4 5. Nxd4 Bb4 6. e5 Nd5 7. Bd2 Nxc3 8. bxc3 Bc5 9. Qg4 g6 10. Bd3 Nc6 11. Nxc6 dxc6 12. 0-0 Qc7 13. Qg3 h5 14. Rfd1 h4 15. Qf4 Rh5 16. Re1 b6 17. Be4 Bb7 18. Bf3 Rh7 19. Qa4 b5 20. Qb3 Bb6 21. Bg5 h3 22. a4 hxg2 23. axb5 cxb5 24. Qxb5+ Kf8 25. Qb4+ Kg8 26. Bxb7 Qxb7 27. Qe4 Qxe4 28. Rxe4 Rc8 29. c4 f5 30. exf6 Rc5 31. Bh4 Rf5 32. Kxg2 Kf7 33. f3 g5 34. Bg3 Kxf6 35. Rae1 Re7 36. Bd6 Re8 37. Be5+ Kf7 38. Rd1 Rd8 39. Rxd8 Bxd8 40. c5 Bf6 41. Bxf6 Kxf6 42. Rc4 Ke5 43. c6 Rf8 44. Rc5+ Kd6 45. Rxg5 Kxc6 46. Ra5 Rg8+ 47. Kf2 Rg7 48. h4 Kd6 49. h5 Rc7 50. Kg3 Rxc2 51. Rxa7 Ke5 52. h6 Kf6 53. h7 Rc8 54. Ra4 Rh8 55. Rh4 Kg5 56. Rh2 Kf5 57. Kf2 Kg6 58. Ke3 1/2-1/2

[Event "Quebec op"]
[Site "Montreal"]
[Date "2012.07.22"]
[Round "3"]
[White "Tessier Desrosiers, Olivier"]
[Black "Yu, Zong Yang"]
[Result "0-1"]
[WhiteElo "2194"]
[BlackElo "1943"]
[PlyCount "70"]
[EventDate "2012.07.21"]
[EventType "swiss"]
[EventRounds "9"]
[EventCountry "CAN"]
[SourceTitle "EXT 2022"]
[Source "ChessBase"]
[SourceDate "2021.10.06"]
[SourceVersion "1"]
[SourceVersionDate "2021.10.06"]
[SourceQuality "1"]

1. d4 Nf6 2. Nc3 d5 3. e4 Nxe4 4. Nxe4 dxe4 5. f3 e5 6. d5 Bc5 7. g3 Qf6 8. Bg2 h5 9. Qe2 h4 10. Be3 Bxe3 11. Qxe3 h3 12. Bf1 exf3 13. Nxf3 0-0 14. 0-0-0 Bg4 15. Be2 Nd7 16. Rhf1 Qe7 17. Rde1 Rae8 18. Bd3 c6 19. dxc6 bxc6 20. Qe4 f5 21. Qc4+ Kh8 22. Kb1 Bxf3 23. Rxf3 e4 24. Rfe3 Ne5 25. Qc3 Ng4 26. R3e2 Qf6 27. Qxf6 Rxf6 28. Bc4 Rd8 29. c3 g6 30. Kc2 Rfd6 31. b4 Ne5 32. Bb3 Nf3 33. Rh1 Rd2+ 34. Rxd2 Rxd2+ 35. Kc1 Rxh2 0-1

[Event "Quebec op"]
[Site "Montreal"]
[Date "2012.07.21"]
[Round "1"]
[White "Tessier Desrosiers, Olivier"]
[Black "Boudreau, Daniel"]
[Result "1-0"]
[WhiteElo "2194"]
[BlackElo "1956"]
[PlyCount "105"]
[EventDate "2012.07.21"]
[EventType "swiss"]
[EventRounds "9"]
[EventCountry "CAN"]
[SourceTitle "EXT 2022"]
[Source "ChessBase"]
[SourceDate "2021.10.06"]
[SourceVersion "1"]
[SourceVersionDate "2021.10.06"]
[SourceQuality "1"]

1. d4 Nf6 2. Nc3 d5 3. e4 dxe4 4. f3 c5 5. d5 exf3 6. Nxf3 g6 7. Be3 Bg7 8. Bb5+ Bd7 9. Qe2 0-0 10. Bc4 b5 11. Bxb5 Nxd5 12. Nxd5 Bxb5 13. c4 Qxd5 14. cxb5 c4 15. a4 c3 16. Rd1 Qb3 17. bxc3 Bxc3+ 18. Kf2 Qxa4 19. Bh6 Bg7 20. Bxg7 Kxg7 21. Qe5+ Kg8 22. Qd5 Na6 23. bxa6 Qxa6 24. Ra1 Qf6 25. Qd4 Qf5 26. Rhc1 Rfd8 27. Qe5 Qxe5 28. Nxe5 f6 29. Nc6 Rd7 30. Ra6 Kf7 31. Rc2 Rb7 32. Rca2 Rc7 33. Rxa7 Raxa7 34. Nxa7 e5 35. Nb5 Rc5 36. Ra7+ Ke6 37. Nc7+ Kf5 38. Ne8 Rc2+ 39. Kg3 Rc3+ 40. Kh4 h5 41. Ra6 Rc4+ 42. Kh3 Rc3+ 43. g3 g5 44. Rxf6+ Ke4 45. Ng7 h4 46. Ne6 hxg3 47. hxg3 Kd3 48. Rf3+ Kc4 49. Rxc3+ Kxc3 50. Nxg5 Kd4 51. Kg4 e4 52. Kf4 e3 53. Nf3+ 1-0

[Event "Quebec-ch op"]
[Site "Montreal"]
[Date "2011.07.28"]
[Round "7"]
[White "Voloaca, Mihnea"]
[Black "Tessier Desrosiers, Olivier"]
[Result "1-0"]
[WhiteElo "2236"]
[BlackElo "2086"]
[PlyCount "79"]
[EventDate "2011.07.23"]
[EventType "swiss"]
[EventRounds "9"]
[EventCountry "CAN"]
[SourceTitle "CBM 143 Extra"]
[Source "ChessBase"]
[SourceDate "2011.08.29"]
[SourceVersion "1"]
[SourceVersionDate "2011.08.29"]
[SourceQuality "1"]

1. d4 Nf6 2. c4 c5 3. d5 b5 4. cxb5 a6 5. bxa6 Bxa6 6. Nc3 d6 7. g3 g6 8. Bg2 Bg7 9. Nf3 Nbd7 10. 0-0 Ng4 11. Bd2 0-0 12. Rb1 Ra7 13. Qc2 Qa8 14. h3 Nge5 15. Nxe5 Nxe5 16. b3 Rb8 17. Rfe1 Rab7 18. Nd1 Nc4 19. Bc1 Rb4 20. Ne3 Nxe3 21. Bxe3 c4 22. Bd2 c3 23. Bg5 Qb7 24. e4 h6 25. Be3 Kh7 26. Kh2 Bc4 27. Rbc1 Ba6 28. h4 h5 29. Bf4 Qc7 30. Re3 Bc8 31. e5 dxe5 32. Rxc3 Qxc3 33. Qxc3 exf4 34. Qc7 fxg3+ 35. fxg3 R4b7 36. Qf4 Bf5 37. Rc7 Rb4 38. Rc4 R4b6 39. Be4 Bxe4 40. Qxe4 1-0

[Event "Quebec-ch op"]
[Site "Montreal"]
[Date "2011.07.23"]
[Round "1"]
[White "Cheng, Bindi"]
[Black "Tessier Desrosiers, Olivier"]
[Result "1-0"]
[WhiteElo "2385"]
[BlackElo "2086"]
[PlyCount "61"]
[EventDate "2011.07.23"]
[EventType "swiss"]
[EventRounds "9"]
[EventCountry "CAN"]
[SourceTitle "CBM 143 Extra"]
[Source "ChessBase"]
[SourceDate "2011.08.29"]
[SourceVersion "1"]
[SourceVersionDate "2011.08.29"]
[SourceQuality "1"]

1. d4 Nf6 2. Bg5 c5 3. d5 Ne4 4. Bf4 d6 5. f3 Nf6 6. e4 g6 7. c4 b5 8. cxb5 Bg7 9. Qd2 a6 10. Nc3 Bd7 11. bxa6 Nxa6 12. Bc4 Qa5 13. Nge2 0-0 14. 0-0 Rfb8 15. a4 Nc7 16. Kh1 Nh5 17. Bg5 Rb4 18. b3 e6 19. Rad1 e5 20. f4 exf4 21. Bxf4 Nxf4 22. Qxf4 Be8 23. Qxd6 Na6 24. Qg3 Nb8 25. e5 Nd7 26. e6 Ne5 27. d6 Nxc4 28. bxc4 fxe6 29. d7 Rxc4 30. Qf3 Qa7 31. Qxa8 1-0

[Event "Quebec-ch classe"]
[Site "Trois Rivieres"]
[Date "2009.10.11"]
[Round "5"]
[White "Tessier Desrosiers, Olivier"]
[Black "Bolduc, Steve"]
[Result "0-1"]
[WhiteElo "2257"]
[BlackElo "2238"]
[PlyCount "62"]
[EventDate "2009.10.09"]
[EventType "swiss"]
[EventRounds "5"]
[EventCountry "CAN"]
[SourceTitle "EXT 2011"]
[Source "ChessBase"]
[SourceDate "2010.11.26"]
[SourceVersion "1"]
[SourceVersionDate "2010.11.26"]
[SourceQuality "1"]

1. d4 Nf6 2. c4 e6 3. Nf3 b6 4. g3 Ba6 5. b3 d5 6. Bg2 c6 7. Qc2 Be7 8. 0-0 0-0 9. Ne5 Nfd7 10. Nxd7 Nxd7 11. e4 Rc8 12. Ba3 b5 13. exd5 cxd5 14. Bxe7 Qxe7 15. c5 Qf6 16. Qb2 Nxc5 17. b4 Na4 18. Qd2 Rc4 19. Rd1 Rfc8 20. Bf1 Rc2 21. Qf4 Qxf4 22. gxf4 Rb2 23. Na3 Rxb4 24. Rdc1 Nb6 25. Rxc8+ Bxc8 26. Nxb5 Bd7 27. Nxa7 g6 28. a4 Bxa4 29. Rc1 Rxd4 30. Nb5 Bxb5 31. Bxb5 Rxf4 0-1

[Event "Quebec-ch classe"]
[Site "Trois Rivieres"]
[Date "2009.10.10"]
[Round "2"]
[White "Tessier Desrosiers, Olivier"]
[Black "Libersan, Thierry"]
[Result "0-1"]
[WhiteElo "2257"]
[BlackElo "2084"]
[PlyCount "70"]
[EventDate "2009.10.09"]
[EventType "swiss"]
[EventRounds "5"]
[EventCountry "CAN"]
[SourceTitle "EXT 2011"]
[Source "ChessBase"]
[SourceDate "2010.11.26"]
[SourceVersion "1"]
[SourceVersionDate "2010.11.26"]
[SourceQuality "1"]

1. d4 Nf6 2. c4 g6 3. Nc3 Bg7 4. g3 0-0 5. Bg2 d6 6. b3 Nbd7 7. Bb2 Rb8 8. e3 a6 9. a4 b6 10. Nge2 Bb7 11. Bxb7 Rxb7 12. d5 e5 13. dxe6 fxe6 14. Nf4 Qe7 15. Nd3 Nc5 16. b4 Nxd3+ 17. Qxd3 Rbb8 18. 0-0 Ng4 19. Qe2 Ne5 20. f4 Nd7 21. Rac1 a5 22. b5 Nc5 23. Ba3 Bxc3 24. Bxc5 dxc5 25. Rxc3 Rbd8 26. Rd1 Rxd1+ 27. Qxd1 Rd8 28. Rd3 Rd6 29. Kf2 Qd8 30. Ke2 Qa8 31. Kd2 Kf7 32. Kc2 Qe4 33. Kc3 Qxe3 34. Rxe3 Rxd1 35. Rd3 Rc1+ 0-1

[Event "Quebec-ch classe"]
[Site "Trois Rivieres"]
[Date "2009.10.10"]
[Round "3"]
[White "Tessier Desrosiers, Olivier"]
[Black "Masse, Hugues"]
[Result "1/2-1/2"]
[WhiteElo "2257"]
[BlackElo "2238"]
[PlyCount "62"]
[EventDate "2009.10.09"]
[EventType "swiss"]
[EventRounds "5"]
[EventCountry "CAN"]
[SourceTitle "EXT 2011"]
[Source "ChessBase"]
[SourceDate "2010.11.26"]
[SourceVersion "1"]
[SourceVersionDate "2010.11.26"]
[SourceQuality "1"]

1. d4 Nf6 2. c4 g6 3. Nc3 Bg7 4. Nf3 0-0 5. e4 d6 6. Be2 e5 7. Be3 Ng4 8. Bg5 f6 9. Bh4 g5 10. Bg3 Nh6 11. dxe5 dxe5 12. Qd5+ Kh8 13. 0-0-0 Qe7 14. Qa5 c6 15. c5 Be6 16. Rd2 Nd7 17. Qc7 Rab8 18. Rhd1 Rfc8 19. Qd6 Qe8 20. Bc4 Bg4 21. b4 Bf8 22. Qd3 Rd8 23. h3 Be6 24. Qe2 Nf7 25. Nh2 a5 26. Bxe6 Qxe6 27. Qg4 Qc4 28. Qf3 Qe6 29. Qf5 Qc4 30. Qf3 Qe6 31. Qg4 Qc4 1/2-1/2

[Event "Quebec-ch classe"]
[Site "Trois Rivieres"]
[Date "2009.10.09"]
[Round "1"]
[White "Sauve, Richard"]
[Black "Tessier Desrosiers, Olivier"]
[Result "1/2-1/2"]
[WhiteElo "2027"]
[BlackElo "2257"]
[PlyCount "163"]
[EventDate "2009.10.09"]
[EventType "swiss"]
[EventRounds "5"]
[EventCountry "CAN"]
[SourceTitle "EXT 2011"]
[Source "ChessBase"]
[SourceDate "2010.11.26"]
[SourceVersion "1"]
[SourceVersionDate "2010.11.26"]
[SourceQuality "1"]

1. d4 Nf6 2. c4 c5 3. d5 b5 4. cxb5 a6 5. bxa6 g6 6. Nc3 Bxa6 7. e4 Bxf1 8. Kxf1 d6 9. g3 Bg7 10. Kg2 Nbd7 11. Nf3 0-0 12. Re1 Ng4 13. h3 Nge5 14. Nxe5 Nxe5 15. f4 Nc4 16. Qe2 Nb6 17. Be3 Na4 18. Qc2 Nxc3 19. bxc3 Ra3 20. Bd2 Qa5 21. e5 c4 22. Qe4 Rxa2 23. Rxa2 Qxa2 24. Re2 Rb8 25. Be1 Qb3 26. h4 h5 27. Qf3 Qb1 28. Qe4 Qb5 29. Bf2 dxe5 30. fxe5 Rd8 31. d6 exd6 32. exd6 Bxc3 33. Rc2 Be5 34. Qxc4 Qxc4 35. Rxc4 Rxd6 36. Rc2 Kg7 37. Ra2 Kf6 38. Kf3 Kf5 39. Rc2 Rd3+ 40. Kg2 Ke4 41. Re2+ Kd5 42. Ra2 Kc4 43. Ra7 f5 44. Ra2 Kd5 45. Re2 Ke6 46. Ra2 f4 47. gxf4 Bxf4 48. Ra5 Be5 49. Ra4 Rc3 50. Re4 Kf5 51. Ra4 Bf4 52. Ra6 Rd3 53. Rc6 Ra3 54. Rb6 Be3 55. Rb5+ Kg4 56. Bxe3 Rxe3 57. Rg5+ Kxh4 58. Rxg6 Re2+ 59. Kf1 Rb2 60. Rg2 Rb1+ 61. Kf2 Kh3 62. Rg3+ Kh2 63. Rg2+ Kh1 64. Rg3 Rb2+ 65. Kf1 Kh2 66. Rf3 Rb1+ 67. Kf2 h4 68. Ra3 h3 69. Rc3 Rb2+ 70. Kf1 Rb4 71. Rf3 Rb1+ 72. Kf2 Rb2+ 73. Kf1 Rg2 74. Ra3 Rg4 75. Rf3 Rg5 76. Kf2 Rg2+ 77. Kf1 Rg8 78. Kf2 Rg7 79. Kf1 Rg3 80. Rxg3 Kxg3 81. Kg1 h2+ 82. Kh1 1/2-1/2

[Event "Montreal op"]
[Site "Montreal"]
[Date "2009.09.13"]
[Round "4"]
[White "Libersan, Thierry"]
[Black "Tessier Desrosiers, Olivier"]
[Result "0-1"]
[WhiteElo "2119"]
[BlackElo "2213"]
[PlyCount "104"]
[EventDate "2009.09.11"]
[EventType "swiss"]
[EventRounds "5"]
[EventCountry "CAN"]
[SourceTitle "EXT 2011"]
[Source "ChessBase"]
[SourceDate "2010.11.26"]
[SourceVersion "1"]
[SourceVersionDate "2010.11.26"]
[SourceQuality "1"]

1. e4 Nf6 2. e5 Nd5 3. d4 d6 4. Nf3 Bg4 5. Bc4 dxe5 6. dxe5 e6 7. 0-0 c6 8. Qe2 Nd7 9. Nbd2 Qc7 10. Bb3 Be7 11. Re1 Rd8 12. h3 Bh5 13. g3 N5b6 14. g4 Bg6 15. Nf1 h5 16. Bf4 hxg4 17. hxg4 Nc5 18. Ng3 Nd5 19. Bxd5 Rxd5 20. Kg2 Qb6 21. b3 Qb4 22. c4 Rd8 23. Rh1 Rxh1 24. Rxh1 Kd7 25. Rd1+ Kc7 26. Rxd8 Kxd8 27. Qd2+ Qxd2 28. Nxd2 Nd3 29. Kf3 Bc5 30. Nge4 Bd4 31. Nd6 Bxe5 32. Bxe5 Nxe5+ 33. Kf4 Nd3+ 34. Ke3 Nb4 35. f4 Nxa2 36. f5 exf5 37. gxf5 Kd7 38. c5 Bh7 39. Ke4 Nc3+ 40. Kf4 Nd5+ 41. Ke5 f6+ 42. Ke4 b6 43. N2c4 Ne7 44. b4 b5 45. Ne3 g6 46. fxg6 Bxg6+ 47. Kd4 Ke6 48. Nb7 f5 49. Ng2 Nd5 50. Na5 Be8 51. Nb7 Nxb4 52. Nf4+ Kf6 0-1

[Event "Montreal Pere Noel op"]
[Site "Montreal"]
[Date "2008.12.29"]
[Round "4"]
[White "Fragniere, Thierry"]
[Black "Tessier Desrosiers, Olivier"]
[Result "0-1"]
[WhiteElo "2042"]
[BlackElo "2201"]
[PlyCount "124"]
[EventDate "2008.12.26"]
[EventType "swiss"]
[EventRounds "5"]
[EventCountry "CAN"]
[SourceTitle "EXT 2011"]
[Source "ChessBase"]
[SourceDate "2010.11.26"]
[SourceVersion "1"]
[SourceVersionDate "2010.11.26"]
[SourceQuality "1"]

1. d4 Nf6 2. Nf3 c5 3. d5 b5 4. c4 d6 5. Qc2 g6 6. e4 Bg7 7. cxb5 a6 8. Bd2 0-0 9. Bc3 Bb7 10. Nbd2 Qe8 11. a4 e6 12. dxe6 Qxe6 13. Be2 axb5 14. 0-0 bxa4 15. Rxa4 Rxa4 16. Qxa4 Nxe4 17. Bxg7 Kxg7 18. Bc4 d5 19. Bb5 Nxd2 20. Nxd2 Nc6 21. Nb3 Qd6 22. Bxc6 Bxc6 23. Qa3 Rb8 24. Nxc5 d4 25. Re1 Qd5 26. f3 Rb5 27. Ne6+ fxe6 28. Qe7+ Kg8 29. Rxe6 Rb7 30. Qd6 Qxd6 31. Rxd6 Be8 32. Rxd4 Rxb2 33. h3 Kg7 34. Rc4 Bf7 35. Rc7 h6 36. Ra7 Kf6 37. Ra5 Be6 38. Rc5 Rd2 39. Ra5 h5 40. Ra6 Re2 41. Kf1 Ra2 42. Rb6 Rc2 43. Kg1 Ke5 44. Rb4 Bd5 45. Rb6 g5 46. Rb5 Rd2 47. Rb4 Ra2 48. Rb5 Kd4 49. Rb4+ Ke3 50. Rb5 Rd2 51. Rb4 Rd4 52. Rb2 h4 53. Rc2 Rd1+ 54. Kh2 Bxf3 55. gxf3 Rd2+ 56. Rxd2 Kxd2 57. Kh1 Ke3 58. Kg2 Ke2 59. f4 gxf4 60. Kh2 f3 61. Kg1 f2+ 62. Kh2 f1R 0-1

[Event "Montreal Mercredi 05"]
[Site "Montreal"]
[Date "2007.06.14"]
[Round "5"]
[White "Boulay, David"]
[Black "Tessier Desrosiers, Olivier"]
[Result "0-1"]
[WhiteElo "2131"]
[BlackElo "2077"]
[PlyCount "58"]
[EventDate "2007.05.16"]
[EventType "swiss"]
[EventRounds "6"]
[EventCountry "CAN"]
[SourceTitle "EXT 2022"]
[Source "ChessBase"]
[SourceDate "2021.10.06"]
[SourceVersion "1"]
[SourceVersionDate "2021.10.06"]
[SourceQuality "1"]

1. d4 Nf6 2. c4 e5 3. dxe5 Ne4 4. Nf3 Bb4+ 5. Nbd2 Nc6 6. a3 Nxd2 7. Nxd2 Bc5 8. b4 Bd4 9. Rb1 Bxe5 10. Nf3 Bf6 11. e3 d6 12. Be2 Bf5 13. Bd3 Bxd3 14. Qxd3 0-0 15. 0-0 a5 16. Rd1 Qe7 17. h3 axb4 18. axb4 Ra4 19. b5 Nd8 20. Bb2 b6 21. Bxf6 Qxf6 22. Nd4 Nb7 23. Ra1 Nc5 24. Qc2 Rfa8 25. Rxa4 Rxa4 26. Qc3 Ra2 27. f3 Qg6 28. Rd2 Qb1+ 29. Kf2 Nd3+ 0-1

[Event "Quebec op U2300"]
[Site "Montreal"]
[Date "2007.??.??"]
[Round "4"]
[White "Larochelle, Martial"]
[Black "Tessier Desrosiers, Olivier"]
[Result "1-0"]
[WhiteElo "2230"]
[BlackElo "2215"]
[PlyCount "23"]
[EventDate "2007.07.20"]
[EventType "swiss"]
[EventRounds "9"]
[EventCountry "CAN"]
[SourceTitle "EXT 2010"]
[Source "ChessBase"]
[SourceDate "2010.11.25"]
[SourceVersion "1"]
[SourceVersionDate "2010.11.25"]
[SourceQuality "1"]

1. Nf3 Nc6 2. d4 d5 3. c4 Bg4 4. Nc3 Nf6 5. cxd5 Nxd5 6. e4 Nb6 7. d5 Ne5 8. Nxe5 Bxd1 9. Bb5+ c6 10. dxc6 Bg4 11. c7+ Qd7 12. Nxg4 1-0

[Event "Quebec op U2300"]
[Site "Montreal"]
[Date "2007.??.??"]
[Round "1"]
[White "Tessier Desrosiers, Olivier"]
[Black "Bolvary, Tamara"]
[Result "1-0"]
[WhiteElo "2215"]
[BlackElo "2020"]
[PlyCount "63"]
[EventDate "2007.07.20"]
[EventType "swiss"]
[EventRounds "9"]
[EventCountry "CAN"]
[SourceTitle "EXT 2010"]
[Source "ChessBase"]
[SourceDate "2010.11.25"]
[SourceVersion "1"]
[SourceVersionDate "2010.11.25"]
[SourceQuality "1"]

1. e4 c5 2. Nf3 e6 3. b3 b6 4. g3 Bb7 5. Nc3 d6 6. Bg2 Nf6 7. d3 d5 8. exd5 Nxd5 9. Bb2 Nd7 10. Nxd5 Bxd5 11. c4 Bb7 12. 0-0 Nf6 13. Qe2 Be7 14. Rad1 0-0 15. d4 Qc7 16. dxc5 bxc5 17. Be5 Qc6 18. Ne1 Qb6 19. Bf3 a5 20. Nd3 Bxf3 21. Qxf3 Rfd8 22. Nb2 Rxd1 23. Rxd1 Rd8 24. Rxd8+ Qxd8 25. Bc3 Ne8 26. Qc6 Kf8 27. Qb5 Qa8 28. Na4 Qe4 29. Nxc5 Qb1+ 30. Kg2 Bxc5 31. Qxc5+ Kg8 32. Qc6 1-0

[Event "Quebec-ch op"]
[Site "Montreal"]
[Date "2006.07.07"]
[Round "1"]
[White "Jiang, Louie"]
[Black "Tessier Desrosiers, Olivier"]
[Result "1-0"]
[WhiteElo "1965"]
[BlackElo "2092"]
[PlyCount "53"]
[EventDate "2006.07.07"]
[EventType "swiss"]
[EventRounds "9"]
[EventCountry "CAN"]
[SourceTitle "CBM 113 Extra"]
[Source "ChessBase"]
[SourceDate "2006.09.14"]
[SourceVersion "1"]
[SourceVersionDate "2006.09.14"]
[SourceQuality "1"]

1. e4 c5 2. Nf3 Nf6 3. Nc3 e6 4. d4 d5 5. exd5 exd5 6. Bg5 c4 7. g3 Bb4 8. Bg2 0-0 9. 0-0 Bxc3 10. bxc3 Bg4 11. Qd2 Nbd7 12. Ne5 Be6 13. f4 h6 14. Bh4 Bf5 15. Bxd5 Nxe5 16. fxe5 Qxd5 17. exf6 Rae8 18. fxg7 Kxg7 19. Bg5 Re6 20. Bxh6+ Rxh6 21. Qg5+ Rg6 22. Qxf5 Qd6 23. Rf4 f6 24. Re1 Rf7 25. Rg4 Rxg4 26. Qxg4+ Kf8 27. Qh5 1-0

[Event "Quebec Carnaval op"]
[Site "Quebec"]
[Date "2006.02.18"]
[Round "3"]
[White "Tessier Desrosiers, Olivier"]
[Black "Masse, Hugues"]
[Result "1/2-1/2"]
[WhiteElo "2133"]
[BlackElo "2296"]
[PlyCount "71"]
[EventDate "2006.02.17"]
[EventType "swiss"]
[EventRounds "5"]
[EventCountry "CAN"]
[SourceTitle "EXT 2007"]
[Source "ChessBase"]
[SourceDate "2006.11.23"]
[SourceVersion "1"]
[SourceVersionDate "2006.11.23"]
[SourceQuality "1"]

1. d4 Nf6 2. c4 g6 3. Nc3 d5 4. cxd5 Nxd5 5. e4 Nxc3 6. bxc3 Bg7 7. Bc4 c5 8. Ne2 Nc6 9. Be3 0-0 10. h4 cxd4 11. cxd4 Qd6 12. Rb1 Rd8 13. e5 Qc7 14. Qc1 Bf5 15. Rb3 Rac8 16. Rc3 Qd7 17. h5 Nb4 18. Kf1 Bxe5 19. f3 Bg7 20. g4 Be6 21. hxg6 fxg6 22. Bh6 Bh8 23. Bxe6+ Qxe6 24. Nf4 Qd7 25. Rxc8 Rxc8 26. Qb1 Qxd4 27. Nxg6 Qc4+ 28. Kg2 Qc2+ 29. Kg3 Qxb1 30. Nxe7+ Kf7 31. Rxb1 Kxe7 32. Rxb4 b6 33. Ra4 Be5+ 34. Bf4 Bxf4+ 35. Kxf4 a5 36. Re4+ 1/2-1/2

[Event "Quebec-ch qual"]
[Site "Montreal"]
[Date "2005.07.22"]
[Round "6"]
[White "Audet Bouchard, Nicolas"]
[Black "Tessier Desrosiers, Olivier"]
[Result "0-1"]
[WhiteElo "2128"]
[BlackElo "2136"]
[PlyCount "96"]
[EventDate "2005.07.17"]
[EventType "swiss"]
[EventRounds "9"]
[EventCountry "CAN"]
[SourceTitle "EXT 2009"]
[Source "ChessBase"]
[SourceDate "2008.11.26"]
[SourceVersion "1"]
[SourceVersionDate "2008.11.26"]
[SourceQuality "1"]

1. e4 c5 2. Nc3 Nc6 3. Nge2 e6 4. d4 cxd4 5. Nxd4 Qc7 6. Be3 a6 7. Qd2 Bb4 8. 0-0-0 Nf6 9. f3 d5 10. Bg5 Nxd4 11. Bxf6 gxf6 12. Qxd4 Bxc3 13. bxc3 e5 14. Qb4 dxe4 15. fxe4 Be6 16. Be2 Rc8 17. Kb2 Rg8 18. Rd2 Rd8 19. Rhd1 Rd7 20. g3 Kd8 21. Rxd7+ Bxd7 22. Bc4 Ke8 23. Bd5 b5 24. c4 a5 25. Qd2 Rf8 26. c5 Ke7 27. Qf2 Rc8 28. Rf1 f5 29. exf5 f6 30. c6 Bxc6 31. Qc5+ Qd6 32. Qxd6+ Kxd6 33. Be6 Rd8 34. Rd1+ Ke7 35. Rxd8 Kxd8 36. c4 b4 37. Bg8 h6 38. Bf7 Ke7 39. Bg6 Kd6 40. a3 Kc5 41. axb4+ Kxb4 42. Bf7 Be4 43. g4 Bf3 44. Bh5 e4 45. h4 Kxc4 46. g5 fxg5 47. hxg5 hxg5 48. Be8 Kd5 0-1

[Event "Montreal op"]
[Site "Montreal"]
[Date "2005.07.20"]
[Round "4"]
[White "Noble, Matthew"]
[Black "Tessier Desrosiers, Olivier"]
[Result "1-0"]
[WhiteElo "2368"]
[BlackElo "2136"]
[PlyCount "75"]
[EventDate "2005.07.15"]
[EventType "swiss"]
[EventRounds "9"]
[EventCountry "CAN"]
[SourceTitle "EXT 2007"]
[Source "ChessBase"]
[SourceDate "2006.11.23"]
[SourceVersion "1"]
[SourceVersionDate "2006.11.23"]
[SourceQuality "1"]

1. c4 f5 2. Nf3 g6 3. g3 Bg7 4. d4 c5 5. e3 Nf6 6. Bg2 d6 7. Nc3 Nbd7 8. Ng5 cxd4 9. Ne6 Qa5 10. exd4 Kf7 11. Ng5+ Kg8 12. 0-0 Nf8 13. Qe2 h6 14. Nf3 Qd8 15. Re1 e6 16. c5 d5 17. Ne5 Ne4 18. Nb5 a6 19. Nc3 Bxe5 20. dxe5 Nxc5 21. Bxh6 Rxh6 22. Qe3 d4 23. Qxh6 dxc3 24. bxc3 Bd7 25. Rad1 Qe8 26. Rd4 Nh7 27. Red1 Ba4 28. Rh4 Qf7 29. Rdd4 g5 30. Rh3 Bc6 31. Bxc6 bxc6 32. Rc4 Ne4 33. Rxc6 g4 34. Rh5 Re8 35. h3 gxh3 36. Rxh3 Qd7 37. Qg6+ Kh8 38. Rxh7+ 1-0

[Event "Montreal op"]
[Site "Montreal"]
[Date "2005.07.18"]
[Round "2"]
[White "Predescu, Sebastian"]
[Black "Tessier Desrosiers, Olivier"]
[Result "1-0"]
[WhiteElo "2234"]
[BlackElo "2136"]
[PlyCount "71"]
[EventDate "2005.07.15"]
[EventType "swiss"]
[EventRounds "9"]
[EventCountry "CAN"]
[SourceTitle "EXT 2007"]
[Source "ChessBase"]
[SourceDate "2006.11.23"]
[SourceVersion "1"]
[SourceVersionDate "2006.11.23"]
[SourceQuality "1"]

1. e4 c5 2. Nf3 Nf6 3. Nc3 e6 4. e5 Nd5 5. Nxd5 exd5 6. d4 Nc6 7. dxc5 Bxc5 8. Qxd5 d6 9. exd6 Qb6 10. Qe4+ Be6 11. Qh4 f6 12. Bd3 0-0-0 13. 0-0 h5 14. Be3 Bg4 15. Bxc5 Qxc5 16. Qg3 g5 17. Nd2 f5 18. Qe3 Qxd6 19. Nc4 Qf6 20. Qc5 f4 21. Na5 Rd6 22. Nxc6 Rxc6 23. Qxa7 Rd8 24. f3 Bd7 25. Rad1 g4 26. Be4 Rb6 27. Rd5 Qxb2 28. Rfd1 Kc7 29. Bf5 Qb4 30. a3 Qc4 31. Qa5 Bb5 32. Rxd8 Qc5+ 33. R8d4 g3 34. a4 Qa3 35. hxg3 fxg3 36. Qe1 1-0